[Event "Oberliga Wuerttemberg 0910"]
[Site "Wuerttemberg"]
[Date "2009.10.25"]
[Round "2.7"]
[White "Schwarzburger, Lothar"]
[Black "Erguen, Guerkan"]
[Result "1-0"]
[WhiteElo "2126"]
[BlackElo "1983"]
[PlyCount "95"]
[EventDate "2009.10.11"]
[EventType "team-tourn"]
[EventRounds "9"]
[EventCountry "GER"]
[SourceTitle "EXT 2019"]
[Source "ChessBase"]
[SourceDate "2018.10.10"]
[SourceVersion "1"]
[SourceVersionDate "2018.10.10"]
[SourceQuality "1"]
[WhiteTeam "Stuttgart SF II"]
[BlackTeam "Stuttgart Wolfbusch"]
[WhiteTeamCountry "GER"]
[BlackTeamCountry "GER"]

1. e4 d5 2. exd5 Nf6 3. d4 Nxd5 4. c4 Nb4 5. a3 N4c6 6. Be3 g6 7. h3 Bg7 8. Nf3 0-0 9. Nc3 e6 10. Be2 Nd7 11. 0-0 Ne7 12. Qd2 c6 13. Bh6 b6 14. Rad1 Bb7 15. Bxg7 Kxg7 16. Rfe1 Qc7 17. Bd3 Nf6 18. Ne4 Nxe4 19. Bxe4 Rad8 20. b4 c5 21. Bxb7 Qxb7 22. Qc3 cxd4 23. Rxd4 Rxd4 24. Qxd4+ Kg8 25. Rd1 Nf5 26. Qf6 Qe4 27. Ng5 Qe2 28. Rd8 Nh6 29. c5 bxc5 30. bxc5 Rxd8 31. Qxd8+ Kg7 32. Qd4+ e5 33. Qc3 Nf5 34. c6 Qd1+ 35. Kh2 Qd6 36. c7 Ne7 37. c8Q Nxc8 38. Qxc8 e4+ 39. g3 Qxa3 40. Qc7 Qa2 41. Qe5+ Kg8 42. Nxe4 f5 43. Qe8+ Kg7 44. Qd7+ Kf8 45. Nd2 a5 46. Kg2 a4 47. Nf3 a3 48. Ng5 1-0